| 000 | 00601nam a2200193Ia 4500 | ||
|---|---|---|---|
| 999 |
_c13742 _d13742 |
||
| 082 | _a338.476318 PAT-; | ||
| 100 | _aPatel, G.A | ||
| 245 | 0 | _aEstimation of pesticide demand: an evalution of methodologies | |
| 260 |
_aNew Delhi _bOxford & IBH Publishing _c1983 |
||
| 300 | _a123p. | ||
| 440 | _aCMA Monography; 97 | ||
| 650 | _aAgricultural chemicals - Enviromental aspects - India | ||
| 650 | _aPesticides - India | ||
| 650 | _aAgricultural productivity - India | ||
| 650 | _aAgriculture - Economic aspects - India | ||
| 700 | _aPichholiya,K R | ||
| 700 | _aSrinivastava, U K | ||
| 942 | _cBK | ||